2019-2020 NBA Statistical Leaders - Statistics

General Stats
  • This quiz has been taken 69 times
  • The average score is 28 of 49
Answer Stats
Player % Correct
G Antetokounmpo
97%
James Harden
97%
LeBron James
97%
Nikola Jokić
95%
Luka Dončić
94%
Russell Westbrook
94%
Anthony Davis
89%
Bradley Beal
87%
Damian Lillard
85%
Kawhi Leonard
85%
Trae Young
84%
Rudy Gobert
81%
Andre Drummond
79%
Jayson Tatum
79%
Devin Booker
73%
Bam Adebayo
68%
Ben Simmons
68%
Jimmy Butler
68%
Kyle Lowry
68%
Clint Capela
66%
Domantas Sabonis
66%
Dejounte Murray
61%
Ja Morant
61%
Myles Turner
60%
Buddy Hield
55%
CJ McCollum
53%
Kristaps Porzingis
53%
Tristan Thompson
53%
Brook Lopez
50%
Duncan Robinson
50%
Mitchell Robinson
50%
DeAndre Jordan
47%
Marcus Smart
47%
Hassan Whiteside
45%
Jarrett Allen
45%
Nikola Vučević
45%
Jaren Jackson Jr
44%
Fred VanVleet
39%
Lonzo Ball
39%
Jonas Valančiūnas
34%
LaMarcus Aldridge
32%
John Collins
29%
Ricky Rubio
26%
Robert Covington
23%
Montrezl Harrell
19%
Tim Hardaway
16%
Dāvis Bertāns
15%
Devonte' Graham
11%
Kris Dunn
10%
No matching quizzes found
Score Distribution
Percent of People with Each Score
Percentile by Number Answered
Your Score History
You have not taken this quiz